LEADER 00957cam0-22003491i-450- 001 990006909390403321 005 20080123101145.0 010 $a88-87501-22-X 035 $a000690939 035 $aFED01000690939 035 $a(Aleph)000690939FED01 035 $a000690939 100 $a20010426d2000----km-y0itay50------ba 101 0 $aita 105 $ay-------001yy 200 1 $a<>metalibro$eviaggio intorno al libro$fa cura di Gaetano Colonnese, Vittorio Dini, Elio Morelli. 205 $a2. ed. 210 $aNapoli$cColonnese$d2000. 215 $a132 p.$d24 cm 225 1 $a<>nuovi trucioli$v12 610 0 $aLibri 676 $a002 702 1$aColonnese ,$bGaetano 702 1$aDini,$bVittorio 702 1$aMorelli ,$bElio 801 0$aIT$bUNINA$gRICA$2UNIMARC 901 $aBK 912 $a990006909390403321 952 $aCOLLEZ. 1929 (12)$b35598$fFSPBC 959 $aFSPBC 996 $aMetalibro$9629891 997 $aUNINA LEADER 01011nam0 22002891i 450 001 SUN0015304 005 20060102120000.0 010 $a88-09-20757-2 020 $aIT$b96 1101 100 $a20040115d1995 |0itac50 ba 101 $aita 102 $aIT 105 $a|||| ||||| 200 1 $aGandhi e l'India$fGianni Sofri 210 $aFirenze$cGiunti$d[1995] 215 $a190 p.$cill.$d20 cm. 606 $aGandhi, Mohandas Karamchand$2FI$3SUNC003176 620 $dFirenze$3SUNL000014 676 $a954.035092$v21 700 1$aSofri$b, Gianni$3SUNV011125$0125444 712 $aGiunti$3SUNV000036$4650 801 $aIT$bSOL$c20181109$gRICA 912 $aSUN0015304 950 $aUFFICIO DI BIBLIOTECA DEL DIPARTIMENTO DI GIURISPRUDENZA$d00 CONS XXIV.Ea.13 $e00 10924 995 $aUFFICIO DI BIBLIOTECA DEL DIPARTIMENTO DI GIURISPRUDENZA$h10924$kCONS XXIV.Ea.13$op$qa 996 $aGandhi e l'India$91213684 997 $aUNICAMPANIA